Normal view
MARC view
- Jeong, Deog-Kyoon.
Entry Personal Name
001 - CONTROL NUMBER
- control field: 55156
003 - CONTROL NUMBER IDENTIFIER
- control field: OSt
005 - DATE AND TIME OF LATEST TRANSACTION
- control field: 20240322134017.0
008 - FIXED-LENGTH DATA ELEMENTS
- fixed length control field: 240322|| aca||aabn | a|a d
040 ## - CATALOGING SOURCE
- Original cataloging agency: OSt
- Transcribing agency: OSt
100 ## - HEADING--PERSONAL NAME
- Personal name: Jeong, Deog-Kyoon.
- Relator term: author.
670 ## - SOURCE DATA FOUND
- Source citation: Work cat.: (OSt): Choi, Minho. author. 55155, Design of high step-down ratio isolated three-level half-bridge DC–DC converter with balanced voltage on flying capacitor /, September 2022.
